Statistics for French Vocabulary Week 3

Click here to take the quiz!

General Stats

  • This quiz has been taken 27 times
  • The average score is 8 of 12

Answer Stats

EnglishFrench% Correct
Novembernovembre
87%
Octoberoctobre
87%
Septemberseptembre
87%
Decemberdécembre
83%
Augustaoût
74%
Generalgénéral
70%
Julyjuillet
70%
to organise, organisingorganiser
70%
Nationalnational
65%
birthdayl'anniversaire
57%
each personchacun
35%
everywherepartout
30%

Score Distribution

Percentile by Number Answered

Percent of People with Each Score

Your Score History

You have not taken this quiz